| 000 | 00511nam a2200145Ia 4500 | ||
|---|---|---|---|
| 008 | 100122s9999 xx 000 0 und d | ||
| 082 |
_b37716 _a789.91 |
||
| 100 | _aसोहोनी श्री वि | ||
| 245 | _aरेकॉर्ड प्लेअर | ||
| 260 |
_bमहाराष्ट्र राज्य साहित्य मंडळ _c1905 |
||
| 300 | _a155 | ||
| 630 | _aरेकॉर्ड प्लेअर | ||
| 730 | _aरेकॉर्ड प्लेअर | ||
| 942 | _cBOOK | ||
| 999 |
_c420078 _d420075 |
||